| 000 | 00371nam a22001457a 4500 | ||
|---|---|---|---|
| 005 | 20170406114646.0 | ||
| 008 | 170406b xxu||||| |||| 00| 0 eng d | ||
| 020 | _a978-81-7233-655-4 | ||
| 041 | _aeng | ||
| 100 |
_aKANNAIYAN, DR. S. AND OTHERS _93844 |
||
| 245 | _aBIOFERTILIZER TECHNOLOGY | ||
| 260 |
_aINDIA _bSCIENTIFIC PUBLISHERS _c2004 |
||
| 300 | _a450 | ||
| 942 | _cBK | ||
| 999 |
_c5440 _d5438 |
||